All Cities in Montenegro with 1000+ Population - Statistics

General Stats
  • This quiz has been taken 27 times
  • The average score is 21 of 73
Answer Stats
Municipality City Pop. % Correct
1 Podgorica Podgorica 173024
100%
2 Nikšić Nikšić 54394
92%
5 Bar Bar 15868
83%
3 Budva Budva 20168
83%
6 Cetinje Cetinje 12460
83%
56 Kotor Kotor 1360
83%
11 Herceg Novi Herceg Novi 10259
79%
8 Ulcinj Ulcinj 11488
79%
15 Tuzi Tuzi 5735
71%
10 Rožaje Rožaje 10581
67%
9 Tivat Tivat 10894
67%
12 Berane Berane 9923
63%
7 Bijelo Polje Bijelo Polje 11635
63%
16 Danilovgrad Danilovgrad 5162
63%
28 Kolašin Kolašin 2444
63%
17 Plav Plav 4985
63%
25 Mojkovac Mojkovac 2506
58%
4 Pljevlja Pljevlja 16419
58%
29 Gusinje Gusinje 2225
54%
48 Žabljak Žabljak 1499
54%
39 Bar Sutomore 1816
50%
14 Herceg Novi Igalo 5897
46%
68 Plužine Plužine 1102
46%
24 Zeta Golubovci 2557
38%
13 Kotor Dobrota 7345
33%
19 Herceg Novi Bijela 3502
29%
37 Kotor Risan 1830
29%
58 Herceg Novi Zelenika 1315
29%
62 Herceg Novi Baošići 1227
25%
21 Bar Šušanj 3272
25%
52 Bar Dobra Voda 1396
21%
66 Kotor Radanovići 1186
21%
34 Danilovgrad Spuž 1882
21%
59 Herceg Novi Meljine 1263
17%
49 Budva Petrovac na Moru 1451
17%
61 Herceg Novi Đenovići 1239
13%
42 Zeta Mojanovići 1702
13%
64 Herceg Novi Podi 1207
13%
70 Kotor Prčanj 1030
13%
20 Kotor Škaljari 3342
13%
47 Berane Beran Selo 1504
8%
18 Bar Burtaiši 4423
8%
57 Ulcinj Donji Štoj 1335
8%
50 Herceg Novi Kuti 1427
8%
27 Zeta Mahala 2454
8%
23 Tivat Mrčevac 2609
8%
38 Bijelo Polje Nedakusi 1820
8%
72 Mojkovac Polja 1026
8%
32 Bar Bjeliši 2079
4%
67 Danilovgrad Ćurilac 1103
4%
43 Podgorica Donji Kokoti 1676
4%
35 Danilovgrad Grbe 1853
4%
26 Rožaje Ibarac 2485
4%
33 Nikšić Ozrinići 1908
4%
40 Berane Pešca 1805
4%
30 Bar Polje 2136
4%
36 Bijelo Polje Rakonje 1840
4%
22 Bijelo Polje Resnik 2812
4%
44 Bar Stari Bar 1596
4%
60 Rožaje Suho Polje 1242
4%
69 Bijelo Polje Sutivan 1040
4%
31 Berane Budimlja 2089
0%
46 Bar Čeluga 1547
0%
55 Berane Dolac 1372
0%
41 Berane Donje Luge 1711
0%
53 Zeta Goričani 1385
0%
45 Ulcinj Kodre 1561
0%
51 Bijelo Polje Lješnica 1413
0%
63 Bijelo Polje Loznica 1213
0%
73 Berane Lužac 1004
0%
64 Zeta Mataguži 1207
0%
71 Bijelo Polje Potkrajci 1028
0%
54 Bar Tomba 1384
0%
No matching quizzes found
Score Distribution
Percent of People with Each Score
Percentile by Number Answered
Your Score History
You have not taken this quiz